Datum a čas kvízu
29.5
Celkem bodů
Celkový počet nahraných bodů na tomto kvízu bez doplňovacích otázek.
10.
Pořadí na kvízu
Konečné umístění týmu na tomto kvízu.
Zaznamenané odpovědi
| # | Otázka | Odpověď | Body | Výsledky |
|---|---|---|---|---|
| 1. | Čím konkrétně se na úterním za... | měli na sobě kroje | 1 | |
| 2. | Minulý týden jsme se dozvěděli... | na Novém Zélandu | 0 | |
| 3. | Minulý týden jsme se dozvěděli... | kameraman | 0 | |
| 4. | Minulý týden byl ohlášen defin... | vývojem elektromobilu (automobilu) | 0 | |
| 5. | Ve kterém britském městě se od... | v Glasgow | 0 | |
| 6. | Napište český i latinský název... | kost stehenní, femur (os femoris) | 0.5 | |
| 7. | Ve kterém českém městě najdeme... | v Brně | 0 | |
| 8. | Hlavní postava seriálu Sběrate... | Booth | 1 | |
| 9. | Kterému zvířeti patří tato kos... | ptakopyskovi | 0 | |
| 10. | V září roku 2012 byla pod park... | Richard III. | 0.5 |